| 000 | 00381nam a2200169Ia 4500 | ||
|---|---|---|---|
| 100 | _aMano Morris M | ||
| 650 | _aVHDL | ||
| 250 | _a5 | ||
| 942 | _cBK | ||
| 366 | _f25 | ||
| 654 | _adigital design | ||
| 245 | _aDigital design with an Introduction to the verilog HDL | ||
| 260 |
_bPearson Education _c2013 |
||
| 082 | _aMAN | ||
| 300 | _a678 | ||
| 546 |
_aENGLISH _cPAMPHALETS |
||
| 999 |
_c34091 _d34091 |
||